The practice of the presence of God : (Record no. 15081)
[ view plain ]
| 000 -LEADER | |
|---|---|
| fixed length control field | 01734cam a2200409 a 4500 |
| 001 - CONTROL NUMBER | |
| control field | 13758681 |
| 003 - CONTROL NUMBER IDENTIFIER | |
| control field | OSt |
| 005 - DATE AND TIME OF LATEST TRANSACTION | |
| control field | 20140310182648.0 |
| 008 - FIXED-LENGTH DATA ELEMENTS--GENERAL INFORMATION | |
| fixed length control field | 041022r20051895nyu b 000 0 eng |
| 010 ## - LIBRARY OF CONGRESS CONTROL NUMBER | |
| LC control number | 2004061897 |
| 020 ## - INTERNATIONAL STANDARD BOOK NUMBER | |
| International Standard Book Number | 0883681056 |
| 040 ## - CATALOGING SOURCE | |
| Original cataloging agency | DLC |
| Transcribing agency | DLC |
| Modifying agency | DLC |
| 041 1# - LANGUAGE CODE | |
| Language code of text/sound track or separate title | eng |
| Language code of original and/or intermediate translations of text | fre |
| 042 ## - AUTHENTICATION CODE | |
| Authentication code | pcc |
| 050 00 - LIBRARY OF CONGRESS CALL NUMBER | |
| Classification number | BT 140 |
| Item number | .L419 1982 |
| 082 00 - DEWEY DECIMAL CLASSIFICATION NUMBER | |
| Classification number | M 248 |
| Item number | L43 1982 |
| 100 0# - MAIN ENTRY--PERSONAL NAME | |
| Personal name | Lawrence, |
| Titles and other words associated with a name | of the Resurrection, Brother, |
| Dates associated with a name | 1611-1691. |
| 240 10 - UNIFORM TITLE | |
| Uniform title | <a href="Pratique de la présence de Dieu.">Pratique de la présence de Dieu.</a> |
| Language of a work | English |
| 245 14 - TITLE STATEMENT | |
| Title | The practice of the presence of God : |
| Statement of responsibility, etc | by Brother Lawrence. |
| 246 3# - VARYING FORM OF TITLE | |
| Title proper/short title | Practice of the presence of God ; and, The spiritual maxims |
| 246 30 - VARYING FORM OF TITLE | |
| Title proper/short title | Spiritual maxims |
| 260 ## - PUBLICATION, DISTRIBUTION, ETC. (IMPRINT) | |
| Place of publication, distribution, etc | USA : |
| Name of publisher, distributor, etc | Whitaker House, |
| Date of publication, distribution, etc | 1982 |
| 300 ## - PHYSICAL DESCRIPTION | |
| Extent | iii, 76 p. ; |
| Dimensions | 22 cm. |
| 500 ## - GENERAL NOTE | |
| General note | First work originally published: The practice of the presence of God, the best rule of a holy life. New York : F.H. Revell Co., 1895. 2nd work originally published: The spiritual maxims of Brother Lawrence. Philadelphia : Griffith and Rowland Press, 18--? |
| 504 ## - BIBLIOGRAPHY, ETC. NOTE | |
| Bibliography, etc | Includes bibliographical references. |
| 521 ## - TARGET AUDIENCE NOTE | |
| Target audience note | |
| 526 ## - STUDY PROGRAM INFORMATION NOTE | |
| Reading level | 1210L to 17000L |
| 541 ## - IMMEDIATE SOURCE OF ACQUISITION NOTE | |
| -- | 1 |
| 562 ## - COPY AND VERSION IDENTIFICATION NOTE | |
| Number of copies | for circulation : 1 copy in the collection |
| 650 #0 - SUBJECT ADDED ENTRY--TOPICAL TERM | |
| Topical term or geographic name as entry element | Spiritual life |
| General subdivision | Catholic Church. |
| 700 02 - ADDED ENTRY--PERSONAL NAME | |
| Personal name | Lawrence, |
| Titles and other words associated with a name | of the Resurrection, Brother, |
| Dates associated with a name | 1611-1691. |
| Title of a work | Maximes spirituelles. |
| Language of a work | English. |
| 740 02 - ADDED ENTRY--UNCONTROLLED RELATED/ANALYTICAL TITLE | |
| Uncontrolled related/analytical title | Spiritual maxims. |
| 856 42 - ELECTRONIC LOCATION AND ACCESS | |
| Materials specified | Publisher description |
| Uniform Resource Identifier | <a href="http://www.loc.gov/catdir/enhancements/fy0619/2004061897-d.html">http://www.loc.gov/catdir/enhancements/fy0619/2004061897-d.html</a> |
| 906 ## - LOCAL DATA ELEMENT F, LDF (RLIN) | |
| a | 7 |
| b | cbc |
| c | orignew |
| d | 1 |
| e | ocip |
| f | 20 |
| g | y-gencatlg |
| 942 ## - ADDED ENTRY ELEMENTS (KOHA) | |
| Source of classification or shelving scheme | Library of Congress Classification |
| Koha item type | Books |
| Call number prefix | |
| Withdrawn status | Lost status | Source of classification or shelving scheme | Damaged status | Home library | Current library | Shelving location | Date acquired | Source of acquisition | Total Checkouts | Full call number | Barcode | Date last seen | Copy number | Price effective from | Koha item type |
|---|---|---|---|---|---|---|---|---|---|---|---|---|---|---|---|
| Library of Congress Classification | Archives | Archives | 04/18/2012 | Donation | BT 140 .L419 1982 | C1717 | 05/15/2018 | 1 | 11/14/2013 | Books |